| 000 | 00381nam a2200169Ia 4500 | ||
|---|---|---|---|
| 008 | 210210b2014 xxu||||| |||| 00| 0 eng d | ||
| 041 | _aeng | ||
| 082 | _a332.1 RAMM | ||
| 100 | _aRAMAN (B S) | ||
| 245 | _aModern banking | ||
| 260 |
_aMangalore _bUnited Publishers _c2014 |
||
| 300 | _a251 | ||
| 650 | _aModern | ||
| 650 | _abanking | ||
| 690 | _aBanking | ||
| 906 | _a069085 | ||
| 999 |
_c153189 _d153189 |
||